000 00493nam a2200169Ia 4500
003 GCL
008 140319s9999 xx 000 0 ara d
040 _aGCL /
_cGCL
082 0 4 _aق
_b953.0738
_bم ت
100 1 _aمحمد محمد مرسى الشيخ
245 1 0 _aتاريخ مصر الاسلامية /
_cمحمد محمد مرسى الشيخ
300 _a178 ص ؛
_c24 سم
650 0 4 _aمصر
650 0 4 _aتاريخ
650 0 4 _aالدولة الفاطمية
942 _2ddc
_cBK
999 _c41223
_d41223